Les rois de Rome - Statistiques

Statistiques générales
  • Ce quiz a été pris 25 fois
  • Le résultat moyen est 4 sur 7
Statistiques - réponses
Dates du règne Rois % Correct
753 - 716 av. J.-C. Romulus
95%
616 - 578 av. J.-C. Tarquin l'Ancien
63%
534 - 509 av. J.-C. Tarquin le Superbe
63%
578 - 534 av. J.-C. Servius Tullius
53%
671 - 640 av. J.-C. Tullus Hostilius
53%
715 - 671 av. J.-C Numa Pompillius
47%
640 - 616 av. J.-C. Ancus Marcius
32%
Aucun quiz correspondant
Distribution des résultats
% des personnes avec chaque résultat
Percentile par nombre de réponses
Votre historique - résultats
Vous n’avez pas pris ce quiz